<?xml version='1.0' encoding='UTF-8'?>
  <record xmlns="http://www.loc.gov/MARC21/slim">
    <leader>00000cam a22000007i 4500</leader>
    <controlfield tag="001">ocm65232028</controlfield>
    <controlfield tag="003">OCoLC</controlfield>
    <controlfield tag="005">20231213210205.5</controlfield>
    <controlfield tag="008">900326s1552    ne      r     000 0 lat d</controlfield>
    <datafield tag="040" ind1=" " ind2=" ">
      <subfield code="a">NLGGC</subfield>
      <subfield code="b">eng</subfield>
      <subfield code="e">rda</subfield>
      <subfield code="e">dcrmr</subfield>
      <subfield code="c">NLGGC</subfield>
      <subfield code="d">OCLCO</subfield>
      <subfield code="d">QGJ</subfield>
      <subfield code="d">OCLCL</subfield>
    </datafield>
    <datafield tag="029" ind1="0" ind2=" ">
      <subfield code="a">NLGGC</subfield>
      <subfield code="b">059922648</subfield>
    </datafield>
    <datafield tag="035" ind1=" " ind2=" ">
      <subfield code="a">(OCoLC)65232028</subfield>
    </datafield>
    <datafield tag="100" ind1="1" ind2=" ">
      <subfield code="a">Gropper, Johannes,</subfield>
      <subfield code="d">1503-1559,</subfield>
      <subfield code="e">author.</subfield>
      <subfield code="4">aut</subfield>
      <subfield code="1">https://id.oclc.org/worldcat/entity/E39PBJyxbkmX93fMMdT4t8kMT3</subfield>
    </datafield>
    <datafield tag="245" ind1="1" ind2="0">
      <subfield code="a">Capita institutionis ad pietate[m], ex sacris scripturis &amp; orthodoxa Catholic[a]e Ecclesi[a]e doctrina et traditio[n]e excerpta, in usum pueriti[a]e apud diuu[m] Gereonem, Coloniae Agrippinae /</subfield>
      <subfield code="c">Per D. Ioannem Gropper, eiusde[m] Ecclesiae Scholasticu[m].</subfield>
    </datafield>
    <datafield tag="246" ind1="3" ind2=" ">
      <subfield code="a">Capita institvtionis ad pietatē, &amp; sacris scripturis &amp; orthodoxa Catholice̜ Ecclesie̜ doctrina &amp; traditiōe excerpta</subfield>
    </datafield>
    <datafield tag="264" ind1=" " ind2="1">
      <subfield code="a">Neomagi, :</subfield>
      <subfield code="b">Cum Gratia &amp; Privilegio Caesareae Maiestatis, Excudebat Petrus Elzenius,</subfield>
      <subfield code="c">Anno M.D.LII. [1552]</subfield>
    </datafield>
    <datafield tag="300" ind1=" " ind2=" ">
      <subfield code="a">240, 88 unnumbered pages :</subfield>
      <subfield code="b">woodcuts ;</subfield>
      <subfield code="c">10 cm (16mo)</subfield>
    </datafield>
    <datafield tag="336" ind1=" " ind2=" ">
      <subfield code="a">text</subfield>
      <subfield code="b">txt</subfield>
      <subfield code="2">rdacontent</subfield>
    </datafield>
    <datafield tag="337" ind1=" " ind2=" ">
      <subfield code="a">unmediated</subfield>
      <subfield code="b">n</subfield>
      <subfield code="2">rdamedia</subfield>
    </datafield>
    <datafield tag="338" ind1=" " ind2=" ">
      <subfield code="a">volume</subfield>
      <subfield code="b">nc</subfield>
      <subfield code="2">rdacarrier</subfield>
    </datafield>
    <datafield tag="340" ind1=" " ind2=" ">
      <subfield code="m">16mo</subfield>
      <subfield code="2">rdabf</subfield>
    </datafield>
    <datafield tag="500" ind1=" " ind2=" ">
      <subfield code="a">Signatures: A-P⁸ a-e⁸ f⁴.</subfield>
    </datafield>
    <datafield tag="500" ind1=" " ind2=" ">
      <subfield code="a">Also contains, with separate title page and signatures (a-e⁸, f⁴): Obsecrationes, Orationes, Interpellationes &amp; gratiarum actiones, dicendæ dum audis sacrum ... / Per eundem Joannem Gropper ... Novimagii. Petrus Elzenius Excudebat Anno M.D.LII.</subfield>
    </datafield>
    <datafield tag="500" ind1=" " ind2=" ">
      <subfield code="a">Licence signed on [A]1 verso by [Jean Baptiste] Berty, Arnhem January 19, 1551.</subfield>
    </datafield>
    <datafield tag="510" ind1="4" ind2=" ">
      <subfield code="a">Valkema Blouw, P. Typographia Batava, 1541-1600,</subfield>
      <subfield code="c">2202</subfield>
    </datafield>
    <datafield tag="510" ind1="4" ind2=" ">
      <subfield code="a">Bibliotheca Catholica Neerlandica impressa, 1500-1727,</subfield>
      <subfield code="c">2331</subfield>
    </datafield>
    <datafield tag="510" ind1="4" ind2=" ">
      <subfield code="a">Short title catalogue Netherlands,</subfield>
      <subfield code="c">167009311</subfield>
    </datafield>
    <datafield tag="510" ind1="4" ind2=" ">
      <subfield code="a">Short title catalogue Netherlands,</subfield>
      <subfield code="c">167011197</subfield>
    </datafield>
    <datafield tag="510" ind1="4" ind2=" ">
      <subfield code="a">Gheprint te Nymeghen, Nijmeegse drukkers, uitgevers en boekverkopers, 1479-1794,</subfield>
      <subfield code="c">2.24</subfield>
    </datafield>
    <datafield tag="510" ind1="4" ind2=" ">
      <subfield code="a">Gheprint te Nymeghen, Nijmeegse drukkers, uitgevers en boekverkopers, 1479-1794,</subfield>
      <subfield code="c">2.25</subfield>
    </datafield>
    <datafield tag="700" ind1="1" ind2=" ">
      <subfield code="a">Elzenius, Petrus,</subfield>
      <subfield code="d">active 1536-1555,</subfield>
      <subfield code="e">printer.</subfield>
      <subfield code="4">prt</subfield>
    </datafield>
    <datafield tag="700" ind1="1" ind2=" ">
      <subfield code="a">Berty, Jean Baptiste,</subfield>
      <subfield code="e">licensor</subfield>
      <subfield code="4">lso</subfield>
    </datafield>
    <datafield tag="740" ind1="0" ind2=" ">
      <subfield code="a">Obsecrationes, Orationes, Interpellationes &amp; gratiarum actiones, dicendæ dum audis sacrum</subfield>
    </datafield>
    <datafield tag="752" ind1=" " ind2=" ">
      <subfield code="a">Netherlands</subfield>
      <subfield code="d">Nijmegen,</subfield>
      <subfield code="e">publication place.</subfield>
      <subfield code="4">pup</subfield>
      <subfield code="2">naf</subfield>
    </datafield>
  </record>